[Event "Mechanics' Whitehead TNM; 30/90, SD/30"]
[Site "San Francisco"]
[Date "2014.09.30"]
[Round "9.16"]
[White "Eytan, David"]
[Black "Rosenstein, Perry"]
[Result "0-1"]
[WhiteElo "1496"]
[BlackElo "1767"]
[Annotator "Donaldson"]
[PlyCount "76"]
[EventDate "2014.??.??"]

1. e4 c5 2. Nf3 d6 3. Bc4 Nc6 4. Nc3 Nf6 5. d4 cxd4 6. Nxd4 g6 7. Be3 Bg7 8. f3
O-O 9. g4 Ne5 10. Be2 d5 11. g5 Nfd7 12. f4 Nc4 13. Bxc4 dxc4 14. h4 e5 15.
Ndb5 a6 16. Nd6 exf4 17. Bd4 Ne5 18. Bxe5 Bxe5 19. Nxc4 Bxc3+ 20. bxc3 Qc7 21.
Qd4 Be6 (21... Rd8 $1 22. Qb6 Qe7 23. O-O Be6 $19) 22. Nd2 $2 (22. Nd6 Rfd8 23.
e5 $17) 22... Rfd8 23. Qb4 a5 24. Qb2 Qd6 25. O-O-O Bg4 26. Nf3 Qc7 27. Rxd8+
Rxd8 28. Nd4 f3 29. Kb1 Qf4 30. Qb6 Rc8 31. Rf1 Qxe4 32. Qxa5 f2 33. Qb5 Qe1+
34. Kb2 Qxc3+ 35. Kb1 Qxd4 36. Qxb7 Qe5 37. Qg2 Rb8+ 38. Kc1 Qe3# 0-1

[Event "Mechanics' Whitehead TNM; 30/90, SD/30"]
[Site "San Francisco"]
[Date "2014.09.16"]
[Round "7.30"]
[White "Eytan, David"]
[Black "Ross, David Yaguda"]
[Result "1-0"]
[WhiteElo "1496"]
[BlackElo "1348"]
[Annotator "Donaldson"]
[PlyCount "23"]
[EventDate "2014.??.??"]

1. e4 d6 2. Nf3 Nf6 3. Nc3 g6 4. Bc4 Bg7 5. d4 O-O 6. Be3 Nxe4 7. Bxf7+ Rxf7 8.
Nxe4 Nd7 $4 {Diagram #} (8... d5 9. Neg5 Rf8 {and Black is doing fine.}) 9.
Nfg5 $1 (9. Neg5 {allows} Rf6 {and Black hangs on.}) 9... Rf5 10. g4 (10. Ne6
Qe8 11. Nxc7 {was more precise.}) 10... Rb5 ({Neither} 10... Rf6 11. Nxf6+ Nxf6
{nor}) (10... Rxg5 11. Nxg5 Nf6 {should save Black who is an exchange down for
no compensation, but he could continue to play.}) 11. Ne6 Qe8 12. Nxc7 1-0

[Event "Mechanics' SummerTNM; 30/90, SD/30"]
[Site "San Francisco"]
[Date "2014.06.24"]
[Round "5.37"]
[White "Eytan, David"]
[Black "Schlosberg, Max"]
[Result "0-1"]
[WhiteElo "1595"]
[BlackElo "1162"]
[PlyCount "94"]
[EventDate "2014.??.??"]

1. e4 e5 2. d4 exd4 3. c3 d3 4. Bxd3 Bc5 5. Nf3 d6 6. O-O Nf6 7. a4 a5 8. Bg5
h6 9. Bh4 Be6 10. Nbd2 Nbd7 11. Re1 O-O 12. e5 dxe5 13. Qc2 Bd6 14. Rad1 c6 15.
Ne4 Be7 16. Nxf6+ Bxf6 17. Bh7+ Kh8 18. Bxf6 Qxf6 19. Be4 Rad8 20. Qe2 Rfe8 21.
Rd6 Nc5 22. Rxd8 Rxd8 23. Bc2 Nd7 24. Kf1 Bf5 25. Bxf5 Qxf5 26. Nxe5 Qxe5 27.
Qxe5 Nxe5 28. Rxe5 Rd2 29. b4 axb4 30. cxb4 Rd4 31. b5 Rxa4 32. bxc6 bxc6 33.
Rc5 Ra1+ 34. Ke2 Ra2+ 35. Kf3 Ra3+ 36. Ke4 Ra4+ 37. Kf3 Ra3+ 38. Kg4 Ra2 39.
Kg3 Ra3+ 40. f3 Ra6 41. h4 Kg8 42. Kg4 Kf8 43. Kf5 Ke7 44. Ke5 Rb6 45. g4 Rb5
46. Kd4 Rxc5 47. Kxc5 Kd7 {... Black won} 0-1

[Event "Mechanics' SummerTNM; 30/90, SD/30"]
[Site "San Francisco"]
[Date "2014.07.15"]
[Round "8.28"]
[White "Eytan, David"]
[Black "Simpkins, Jerry"]
[Result "0-1"]
[WhiteElo "1595"]
[BlackElo "1478"]
[PlyCount "30"]
[EventDate "2014.??.??"]

1. e4 e5 2. f4 exf4 3. Nf3 Be7 4. Bc4 Bh4+ 5. g3 fxg3 6. O-O d6 7. Bxf7+ Kxf7
8. Nxh4+ Nf6 9. d4 Bh3 10. Rf4 Nc6 11. Qh5+ g6 12. Qd5+ Kg7 13. Qg5 Nxd4 14.
Nc3 Ne6 15. Rxf6 Nxg5 0-1

[Event "Mechanics' Spring TNM; 30/90, SD/30"]
[Site "San Francisco"]
[Date "2014.04.01"]
[Round "3.23"]
[White "Eytan, David"]
[Black "Zulkhuu, Jamyandagva"]
[Result "1-0"]
[WhiteElo "1637"]
[BlackElo "787"]
[PlyCount "59"]
[EventDate "2014.??.??"]

1. e4 e5 2. d4 exd4 3. c3 dxc3 4. Bc4 Nf6 5. Nf3 Bc5 6. O-O O-O 7. Nxc3 d6 8.
Bg5 h6 9. Bh4 Nc6 10. Re1 Re8 11. Bxf6 Qxf6 12. Nd5 Qd8 13. Qc2 Nb4 14. Nxb4
Bxb4 15. Re2 Bg4 16. Rd1 Qf6 17. Rd3 Qg6 18. a3 Ba5 19. b4 Bb6 20. e5 dxe5 21.
Nxe5 Qh5 22. Nxg4 Qxg4 23. Rf3 Rad8 24. Bxf7+ Kh8 25. Bxe8 Kg8 26. Qb3+ Kh7 27.
h3 Qh4 28. Rf8 Qg5 29. Qc2+ Qg6 30. Qxg6# 1-0

[Event "Mechanics' SummerTNM; 30/90, SD/30"]
[Site "San Francisco"]
[Date "2014.07.01"]
[Round "6.11"]
[White "Flores, David"]
[Black "Afkham-Ebrahimi, Payam"]
[Result "1/2-1/2"]
[WhiteElo "1732"]
[BlackElo "1897"]
[PlyCount "116"]
[EventDate "2014.??.??"]

1. e4 c5 2. Nf3 Nc6 3. d4 cxd4 4. Nxd4 g6 5. Be3 Bg7 6. Nc3 d6 7. Bc4 Nf6 8.
Bb3 O-O 9. O-O Ng4 10. Nxc6 bxc6 11. Bd2 Ne5 12. Re1 Bg4 13. Qc1 e6 14. Bh6 Qh4
15. Bg5 Qh5 16. Qe3 d5 17. Ne2 Bxe2 18. Rxe2 d4 19. Qd2 c5 20. Bf4 c4 21. Bxe5
Bxe5 22. g3 cxb3 23. axb3 Rfd8 24. Ra5 f6 25. f4 d3 26. cxd3 Bd4+ 27. Kg2 Qh6
28. Ra4 Qg7 29. Qc2 Qd7 30. Rd2 Rab8 31. Rc4 Qb5 32. b4 a5 33. Qb3 Qd7 34. Rdc2
Rxb4 35. Rxb4 axb4 36. Rc4 f5 37. Kh3 fxe4 38. dxe4 e5+ 39. f5 Kg7 40. Rxb4 Rc8
41. g4 gxf5 42. gxf5 Bf2 43. Rb7 Rc7 44. Rb8 Qe7 45. Kg2 Qg5+ 46. Kxf2 Qf4+ 47.
Kg2 Qxe4+ 48. Qf3 Rc2+ 49. Kg3 Qxf3+ 50. Kxf3 Rxh2 51. Rb6 Rh4 52. Re6 Rf4+ 53.
Ke3 Rxf5 54. b4 Rf4 55. b5 Rb4 56. b6 h5 57. Rxe5 Rxb6 58. Rxh5 Rb4 1/2-1/2

[Event "Mechanics' Whitehead TNM; 30/90, SD/30"]
[Site "San Francisco"]
[Date "2014.08.05"]
[Round "1.26"]
[White "Flores, David"]
[Black "Ayinala, Nihar"]
[Result "1-0"]
[WhiteElo "1793"]
[BlackElo "841"]
[PlyCount "107"]
[EventDate "2014.??.??"]

1. Nf3 Nf6 2. g3 g6 3. Bg2 Bg7 4. O-O O-O 5. d4 d6 6. Nbd2 Nc6 7. c3 Bd7 8. e4
e5 9. Re1 Qc8 10. h4 h5 11. Ng5 Ne8 12. Nc4 f6 13. d5 fxg5 14. dxc6 Bxc6 15.
hxg5 Bd7 16. Ne3 Bh3 17. Bh1 Qd7 18. Qb3+ Be6 19. Qxb7 Qf7 20. f3 Bg4 21. Qxa8
Bxf3 22. Rf1 Nf6 23. Qxf8+ Qxf8 24. Rxf3 Qd8 25. gxf6 Bxf6 26. Nd5 Be7 27. Be3
c6 28. Nb4 c5 29. Nd5 Bg5 30. Raf1 Bxe3+ 31. Nxe3 Qc8 32. Rf8+ Qxf8 33. Rxf8+
Kxf8 34. Bg2 g5 35. Bh3 h4 36. Nf5 hxg3 37. Kg2 Kf7 38. Nxd6+ Kg6 39. Bg4 Kf6
40. Kxg3 Ke7 41. Nc4 Kd8 42. Nxe5 Kc7 43. Nc4 Kc6 44. Be6 Kc7 45. e5 Kd8 46.
Bd5 Kd7 47. e6+ Ke7 48. Kg4 Kf6 49. Ne3 a5 50. c4 Kg6 51. e7 Kf6 52. e8=Q Kg7
53. Nf5+ Kh7 54. Qg8# 1-0

[Event "Mechanics' Fall TNM; 30/90, SD/30"]
[Site "San Francisco"]
[Date "2014.11.25"]
[Round "5.24"]
[White "Flores, David"]
[Black "Brown, Nicholas"]
[Result "1-0"]
[WhiteElo "1793"]
[BlackElo "1520"]
[Annotator "Donaldson"]
[PlyCount "55"]
[EventDate "2014.??.??"]

1. e4 c6 2. Nf3 d5 3. Nc3 Bg4 4. exd5 cxd5 5. d4 a6 6. Be2 Nf6 7. O-O e6 8. Bf4
Be7 9. h3 Bxf3 10. Bxf3 O-O 11. Re1 Nc6 12. a3 Qb6 13. Be5 Nxe5 14. dxe5 Nd7
15. Rb1 Bc5 16. Qd2 Qc7 17. Na4 Be7 18. Qe2 b5 19. Nc3 Bxa3 (19... Nb6 {
intending ...Nc4 was in Black's favor.}) 20. Nxd5 exd5 21. bxa3 Rae8 22. Bxd5
Rxe5 23. Qd3 Nf6 24. Rxe5 Qxe5 25. Bb3 Qe7 26. Kh2 Rd8 27. Qf3 $11 Qxa3 $4 28.
Bxf7+ 1-0

[Event "Mechanics' Spring TNM; 30/90, SD/30"]
[Site "San Francisco"]
[Date "2014.04.29"]
[Round "7.5"]
[White "Flores, David"]
[Black "Fuentes, Romulo"]
[Result "0-1"]
[WhiteElo "1732"]
[BlackElo "2225"]
[PlyCount "50"]
[EventDate "2014.??.??"]

1. e4 c5 2. Nf3 d6 3. g3 Nc6 4. Bg2 g6 5. c3 Bg7 6. O-O e5 7. Na3 h5 8. h4 Bg4
9. Qb3 Qd7 10. d3 Nh6 11. Nc4 Be6 12. Ng5 Na5 13. Nxe6 $4 (13. Qb5 $1 $14)
13... Nxb3 14. Nxg7+ Kf8 15. Ne6+ Qxe6 16. axb3 Kg7 17. Ra3 Ng4 18. Bh3 d5 19.
Ne3 dxe4 20. dxe4 f5 21. Nxf5+ gxf5 22. exf5 Qxf5 23. f3 Qd3 24. fxg4 Qxg3+ 25.
Bg2 Qxg4 0-1

[Event "Mechanics' Whitehead TNM; 30/90, SD/30"]
[Site "San Francisco"]
[Date "2014.09.23"]
[Round "8.13"]
[White "Flores, David"]
[Black "Hakobyan, Sos"]
[Result "1-0"]
[WhiteElo "1793"]
[BlackElo "1953"]
[PlyCount "61"]
[EventDate "2014.??.??"]

1. e4 e6 2. Nf3 d5 3. exd5 exd5 4. d4 Bd6 5. Bd3 Ne7 6. Bg5 h6 7. Bh4 g5 8. Bg3
Bxg3 9. hxg3 Bf5 10. Nxg5 Bxd3 11. Qxd3 Rg8 12. Nf3 Rg6 13. Rh5 Nbc6 14. Nc3
Re6+ 15. Kf1 Qd6 16. Na4 Qb4 17. b3 b6 18. Qc3 Qb5+ 19. Qd3 Qb4 20. Rd1 O-O-O
21. Qc3 Qxc3 22. Nxc3 Nb4 23. a3 Nxc2 24. Nb5 a6 25. Rc1 Ne3+ 26. fxe3 axb5 27.
Ne5 f6 {Diagram #} 28. Rxh6 Rdd6 29. Nf7 Rd7 30. Rh8+ Kb7 31. Nd8+ 1-0

[Event "Mechanics' SummerTNM; 30/90, SD/30"]
[Site "San Francisco"]
[Date "2014.06.10"]
[Round "3.21"]
[White "Flores, David"]
[Black "Hood, Bryan"]
[Result "1-0"]
[WhiteElo "1732"]
[BlackElo "1092"]
[PlyCount "49"]
[EventDate "2014.??.??"]

1. e4 e5 2. Nf3 Nc6 3. Bb5 a6 4. Bxc6 dxc6 5. O-O Bg4 6. h3 Bh5 7. d3 Nf6 8.
Bg5 Bc5 9. Nbd2 b5 10. Nb3 Bxf3 11. Qxf3 Bb6 12. Qf5 Qd6 13. d4 Bxd4 14. Nxd4
Qxd4 15. Bxf6 gxf6 16. Rad1 Qxb2 17. Qxf6 O-O 18. Rd3 Rfe8 19. Rg3+ Kf8 20. Rd1
Qd4 21. Rxd4 exd4 22. Rf3 Kg8 23. Qxf7+ Kh8 24. Qf6+ Kg8 25. Rg3# 1-0

[Event "Mechanics' Spring TNM; 30/90, SD/30"]
[Site "San Francisco"]
[Date "2014.03.25"]
[Round "2.21"]
[White "Flores, David"]
[Black "Oyuntseren, Togtokh"]
[Result "1-0"]
[WhiteElo "1732"]
[BlackElo "1372"]
[PlyCount "61"]
[EventDate "2014.??.??"]

1. e4 c5 2. Nf3 a6 3. a4 Nc6 4. Bc4 e6 5. Nc3 Nge7 6. O-O d5 7. exd5 Nxd5 8.
Re1 Nxc3 9. bxc3 Be7 10. Qe2 Qc7 11. Rb1 b6 12. Qe4 Bb7 13. Qg4 g6 14. d3 h5
15. Qh3 Na5 16. Ne5 Nxc4 17. Nxf7 $1 Kxf7 18. Qxe6+ Kf8 19. Qxc4 Qc6 20. f3 Bc8
21. Be3 Be6 22. Qf4+ Bf7 23. Bf2 Rh7 24. h4 Bxh4 25. Qxh4 Ra7 26. Qd8+ Be8 27.
Rxb6 Qd7 28. Qf6+ Qf7 {Diagram #} 29. Rxe8+ $1 Kxe8 30. Rb8+ Kd7 31. Rd8+ 1-0

[Event "Mechanics' Fall TNM; 30/90, SD/30"]
[Site "San Francisco"]
[Date "2014.10.21"]
[Round "1.30"]
[White "Flores, David"]
[Black "Paquette, James"]
[Result "0-1"]
[WhiteElo "1793"]
[BlackElo "1272"]
[PlyCount "80"]
[EventDate "2014.??.??"]

1. e4 g6 2. Nf3 Bg7 3. c3 c5 4. g3 d6 5. Bg2 Nc6 6. O-O Nf6 7. d3 O-O 8. Nbd2
e6 9. Nc4 d5 10. exd5 exd5 11. Ne3 d4 12. Nc4 b5 13. Na3 Rb8 14. c4 a6 15. Bf4
Rb6 16. Qd2 Bf5 17. Nh4 Qd7 18. Nxf5 Qxf5 19. cxb5 axb5 20. Nxb5 Nb4 21. Be4
Nxe4 22. dxe4 Qxe4 23. Na3 Nd3 24. Nc4 Nxf4 25. f3 Qe2 26. Qxe2 Nxe2+ 27. Kf2
Re6 28. Rfe1 d3 29. Rad1 Rd8 30. f4 Rd4 31. b3 Nc3 32. Rd2 Ne4+ 33. Ke3 Nxd2+
34. Kxd2 Rxe1 35. Kxe1 Rxc4 36. bxc4 Bc3+ 37. Kd1 d2 38. g4 f6 39. h4 g5 40.
fxg5 fxg5 0-1

[Event "Mechanics' Spring TNM; 30/90, SD/30"]
[Site "San Francisco"]
[Date "2014.05.06"]
[Round "8.10"]
[White "Flores, David"]
[Black "Thornally, Frank"]
[Result "0-1"]
[WhiteElo "1732"]
[BlackElo "2200"]
[PlyCount "76"]
[EventDate "2014.??.??"]

1. e4 e5 2. Nf3 Nc6 3. Bb5 a6 4. Bxc6 dxc6 5. O-O Qd6 6. d4 exd4 7. Nxd4 Bd7 8.
e5 Qg6 9. Qf3 O-O-O 10. c3 Ne7 11. Bf4 c5 12. Nb3 Bg4 13. Qg3 Nf5 14. N1d2 Nxg3
15. hxg3 Be7 16. Nf3 Bxf3 17. gxf3 Rd3 18. Kg2 Qc6 19. Be3 g5 20. g4 h5 21. Rh1
Qd5 22. Rad1 h4 23. Nc1 h3+ 24. Kh2 Qxf3 25. Rhg1 Rxe3 26. fxe3 f6 27. Rdf1
Qxe3 28. Re1 Qf2+ 29. Kh1 Qf3+ 30. Kh2 fxe5 31. Ref1 Qe3 32. Re1 Qf4+ 33. Kh1
Qf3+ 34. Kh2 e4 35. Ne2 Bd6+ 36. Ng3 Qf2+ 37. Kh1 Bxg3 38. Ref1 Qh2# 0-1

[Event "Mechanics' Whitehead TNM; 30/90, SD/30"]
[Site "San Francisco"]
[Date "2014.08.19"]
[Round "3.7"]
[White "Flores, David"]
[Black "Tsodikova, Natalya"]
[Result "0-1"]
[WhiteElo "1793"]
[BlackElo "2162"]
[PlyCount "64"]
[EventDate "2014.??.??"]

1. e4 c5 2. Nf3 d6 3. d4 cxd4 4. Nxd4 Nf6 5. Nc3 a6 6. Bg5 e6 7. Bc4 Be7 8. Qe2
Nxe4 9. Bxe7 Nxc3 10. Bxd8 Nxe2 11. Bxe2 Kxd8 12. O-O-O Ke7 13. Rhe1 Nc6 14. f4
Bd7 15. Nf3 f6 16. Nd2 d5 17. Bg4 Kf7 18. c4 Nb4 19. Kb1 Nd3 20. Rf1 Bc6 21.
Nb3 dxc4 22. Nd4 Bd5 23. Bf3 Nxf4 24. g3 Bxf3 25. Nxf3 Nd5 26. Rfe1 Rhe8 27.
Re4 Rac8 28. Kc2 Nb4+ 29. Kb1 Nd3 30. Kc2 Red8 31. Kb1 b5 32. Rf1 c3 0-1

[Event "Mechanics' Whitehead TNM; 30/90, SD/30"]
[Site "San Francisco"]
[Date "2014.09.09"]
[Round "6.17"]
[White "Flores, David"]
[Black "Vazquez, Erasmo"]
[Result "1/2-1/2"]
[WhiteElo "1793"]
[BlackElo "1633"]
[Annotator "Donaldson"]
[PlyCount "110"]
[EventDate "2014.??.??"]

1. Nf3 d5 2. c3 c5 3. d4 e6 4. e3 Nc6 5. Bb5 Bd6 6. dxc5 Bxc5 7. Ne5 Nge7 8.
Nxc6 bxc6 9. Bd3 e5 10. O-O e4 11. Be2 Qc7 12. Nd2 Bd6 13. h3 Bd7 14. b4 h5 15.
Nb3 Qc8 16. f4 Bxh3 17. gxh3 Qxh3 18. Rf2 Rh6 19. Rg2 Nf5 20. Qe1 Nxe3 21. Qg3
$2 (21. Rg3 Rg6 $1 $19) (21. Rh2 Rg6+ 22. Kh1 $14) 21... Qxg3 (21... Qxg2+ 22.
Qxg2 Nxg2 23. Kxg2 Rg6+ 24. Kf2 Rf6 $19) 22. Rxg3 Bxf4 23. Bxe3 (23. Rxe3 $1)
23... Bxg3 24. Bxh6 gxh6 25. Bxh5 Be5 26. Rc1 Ke7 27. Nd4 Rg8+ 28. Kf1 Rg5 29.
Be2 Kd6 30. Kf2 f5 31. Rh1 Bg7 32. Rh5 Rxh5 33. Bxh5 Be5 34. Nxf5+ Kd7 35. Nd4
a5 36. a3 axb4 37. axb4 Kd6 38. Ke3 c5 39. Ne2 cxb4 40. cxb4 Kc7 41. Bf7 Kb6
42. Nc1 Kb5 43. Na2 Bd6 44. Nc3+ Kxb4 45. Nxd5+ Kc5 46. Kxe4 Bf8 47. Nf6 Kb4
48. Kf5 Bg7 49. Ne8 Bc3 50. Nd6 Bd2 51. Ke4 Kc3 52. Nb5+ Kb4 53. Nd4 Bc3 54.
Nf5 Bd2 55. Kd3 Bg5 1/2-1/2

[Event "Mechanics' Fall TNM; 30/90, SD/30"]
[Site "San Francisco"]
[Date "2014.11.04"]
[Round "3.23"]
[White "Flores, David"]
[Black "Xu, Linmiao"]
[Result "0-1"]
[WhiteElo "1793"]
[BlackElo "1424"]
[PlyCount "98"]
[EventDate "2014.??.??"]

1. Nf3 g6 2. g3 Bg7 3. Bg2 c5 4. O-O Nc6 5. c3 e5 6. d3 Nge7 7. Na3 d5 8. Bg5
f6 9. Be3 b6 10. Rb1 Be6 11. c4 Qd7 12. Qc1 Nb4 13. Ra1 Bh3 14. Bh1 Bxf1 15.
Kxf1 e4 16. dxe4 dxe4 17. Ne1 f5 18. Nb5 a6 19. Nc3 Qe6 20. a3 Nbc6 21. Na4 Na5
22. Rb1 Qxc4 23. Nxb6 Qxc1 24. Rxc1 Rb8 25. Na4 Nb3 26. Rc2 Rb5 27. Nxc5 Nxc5
28. Bxc5 Rxb2 29. Rxb2 Bxb2 30. Nc2 Kd7 31. Ne3 Rc8 32. Bb4 Rc1+ 33. Kg2 Nc6
34. Bd2 Rc5 35. a4 Nd4 36. f3 Nxe2 37. fxe4 fxe4 38. Kf2 Nc3 39. Bxc3 Bxc3 40.
Bxe4 Bd4 41. Kf3 Bxe3 42. Kxe3 Rc4 43. a5 Rc5 44. h4 Rxa5 45. g4 Re5 46. Kd3
Rxe4 47. Kxe4 a5 48. Kd5 a4 49. Kc4 Ke6 0-1

[Event "Mechanics' SummerTNM; 30/90, SD/30"]
[Site "San Francisco"]
[Date "2014.05.27"]
[Round "1.30"]
[White "Flores, David"]
[Black "Zulkhuu, Amuuna"]
[Result "1-0"]
[WhiteElo "1732"]
[BlackElo "842"]
[PlyCount "49"]
[EventDate "2014.??.??"]

1. e4 e5 2. Nf3 Nc6 3. Bb5 Nf6 4. O-O Bc5 5. c3 d6 6. d4 exd4 7. cxd4 a6 8.
Bxc6+ bxc6 9. dxc5 Nxe4 10. Re1 Bf5 11. Nd4 Qd7 12. f3 dxc5 13. Nxf5 Qxf5 14.
Rxe4+ Kf8 15. Nc3 h5 16. Qb3 g5 17. h4 f6 18. Be3 gxh4 19. Rf4 Qe5 20. Ne4 Rg8
21. Rxf6+ Ke7 22. Qf7+ Kd8 23. Qxg8+ Qe8 24. Rd1+ Ke7 25. Qe6# 1-0

[Event "Mechanics' SummerTNM; 30/90, SD/30"]
[Site "San Francisco"]
[Date "2014.07.08"]
[Round "7.12"]
[White "Fomin, Gennadiy"]
[Black "Matz, James"]
[Result "1-0"]
[WhiteElo "2089"]
[BlackElo "1772"]
[PlyCount "59"]
[EventDate "2014.??.??"]

1. f4 d5 2. Nf3 Nf6 3. e3 Nc6 4. Be2 h6 5. O-O Bf5 6. d3 e6 7. b3 Bc5 8. d4 Be7
9. Bd3 Ne4 10. Nfd2 O-O 11. Nxe4 dxe4 12. Be2 Bf6 13. Bb2 Ne7 14. Qd2 c5 15. c3
Qb6 16. Na3 Rfd8 17. Nc4 Qc7 18. Ne5 Bxe5 19. fxe5 Qxe5 20. Qe1 cxd4 21. exd4
Qd6 22. Bh5 Nd5 23. g4 Nf4 24. gxf5 Nxh5 25. Qxe4 Nf6 26. Qg2 exf5 27. Rxf5 Re8
28. Raf1 Re6 29. d5 Nxd5 30. Qxd5 1-0

[Event "Mechanics' SummerTNM; 30/90, SD/30"]
[Site "San Francisco"]
[Date "2014.05.27"]
[Round "1.10"]
[White "Fomin, Gennadiy"]
[Black "McKellar, Daniel"]
[Result "1-0"]
[WhiteElo "2089"]
[BlackElo "1529"]
[Annotator "Donaldson"]
[PlyCount "65"]
[EventDate "2014.??.??"]

1. Nf3 d5 2. g3 c5 3. Bg2 Nc6 4. O-O Nf6 5. d3 Bf5 6. Nbd2 e6 7. Nh4 Bg4 8. c4
Be7 9. Nhf3 O-O 10. b3 Re8 11. Bb2 d4 12. a3 e5 13. h3 Bxf3 14. Bxf3 Qc7 15.
Rb1 Rad8 16. Bc1 a5 17. Ne4 Nxe4 18. Bxe4 Qd7 19. Kh2 Qe6 20. Bg2 b6 21. Qe1
Kh8 22. Bd5 Qg6 23. f4 exf4 24. Bxf4 Rd7 {Diagram #} 25. Bc7 $5 Bd6 $4 (25...
Rxc7 $4 26. Bxf7) (25... Bd8 $11) 26. Bxc6 Rxc7 27. Bxe8 Re7 28. Bc6 Rxe2+ 29.
Qxe2 Qxg3+ 30. Kh1 Qxh3+ 31. Kg1 Qg3+ 32. Qg2 Qe3+ 33. Rf2 1-0

[Event "Mechanics' SummerTNM; 30/90, SD/30"]
[Site "San Francisco"]
[Date "2014.06.24"]
[Round "5.9"]
[White "Fomin, Gennadiy"]
[Black "Newey, Richard"]
[Result "0-1"]
[WhiteElo "2089"]
[BlackElo "1796"]
[PlyCount "120"]
[EventDate "2014.??.??"]

1. f4 d5 2. Nf3 c5 3. e3 g6 4. d4 Bg7 5. c3 Qb6 6. Bd3 Bg4 7. O-O Nf6 8. Qa4+
Bd7 9. Qc2 cxd4 10. exd4 Nc6 11. Ne5 Rc8 12. Qe2 O-O 13. Nd2 a6 14. Ndf3 Bg4
15. Nxg4 Nxg4 16. f5 Nce5 17. Bc2 Nxf3+ 18. gxf3 Bxd4+ 19. cxd4 Qxd4+ 20. Kg2
Qe5 21. Qxe5 Rxc2+ 22. Kg3 Nxe5 23. fxg6 hxg6 24. Rd1 e6 25. Bf4 Nc6 26. b3 Rc8
27. h4 Ne7 28. Rg1 Nf5+ 29. Kg4 Ng7 30. Be5 Nh5 31. b4 Re2 32. Rge1 Rg2+ 33.
Kh3 Rgc2 34. a4 f6 35. Bh2 Kf7 36. b5 R8c3 37. Rf1 a5 38. b6 e5 39. Rab1 d4 40.
Rb5 Rc5 41. Rf2 d3 42. Rxc5 Rxc5 43. Rd2 Rd5 44. Kg2 Nf4+ 45. Kf2 Rd4 46. Bxf4
exf4 47. Ke1 Ke6 48. Rb2 Rxa4 49. Rg2 Rb4 50. Ra2 a4 51. Kd2 Rd4 52. Ra1 Kd6
53. Rc1 a3 54. Ra1 Kc5 55. Rxa3 Kxb6 56. Ra1 Kc6 57. Rc1+ Kb5 58. Rb1+ Rb4 59.
Rg1 Kc4 60. Rxg6 Rb2+ 0-1

[Event "Mechanics' SummerTNM; 30/90, SD/30"]
[Site "San Francisco"]
[Date "2014.06.10"]
[Round "3.2"]
[White "Fomin, Gennadiy"]
[Black "Winslow, Elliott"]
[Result "1/2-1/2"]
[WhiteElo "2089"]
[BlackElo "2235"]
[Annotator "Donaldson"]
[PlyCount "69"]
[EventDate "2014.??.??"]

1. f4 c5 2. Nf3 g6 3. e3 Bg7 4. Be2 Nf6 5. O-O O-O 6. c3 b6 7. d3 d5 8. Ne5 Qc7
9. Nd2 Nbd7 10. Ndf3 Ne8 11. d4 Ndf6 12. Bd2 Ne4 13. Be1 c4 14. Nd2 Nxd2 15.
Bxd2 Nd6 16. Be1 f6 17. Nf3 Bb7 18. Nd2 e5 19. g3 Nf5 20. Bf2 exf4 21. exf4
Rae8 22. Re1 Ne3 23. Qc1 Qd7 24. Bxe3 Rxe3 25. Nf1 Re7 26. Bf3 Rfe8 27. Qd2 Kf7
28. Rxe7+ Rxe7 29. Re1 Rxe1 30. Qxe1 Qe6 31. Ne3 b5 32. Kf2 Qd6 33. b3 (33. Qh1
Ke6 34. h4 {and Black is in real trouble.}) 33... cxb3 34. axb3 f5 35. Qe2 (35.
b4 $1 $18) 1/2-1/2

[Event "Mechanics' Fall TNM; 30/90, SD/30"]
[Site "San Francisco"]
[Date "2014.10.21"]
[Round "1.29"]
[White "Frank, Robert"]
[Black "Abraham, Renjish"]
[Result "0-1"]
[WhiteElo "1286"]
[BlackElo "1840"]
[Annotator "Donaldson"]
[PlyCount "104"]
[EventDate "2014.??.??"]

1. d4 d5 2. Nf3 e6 3. e3 c5 4. c3 Nc6 5. Bd3 Nf6 6. Nbd2 cxd4 $6 7. cxd4 $6 (7.
exd4 $1) 7... Be7 8. O-O O-O 9. a3 Bd7 10. b4 Rc8 11. Bb2 a6 12. Rc1 b5 13. Nb3
Qb6 14. Nc5 Rc7 15. Nxd7 $6 Nxd7 16. Qc2 g6 17. e4 Rfc8 18. Qb1 a5 19. exd5
exd5 20. bxa5 Nxa5 21. Qa2 Nc4 22. Bxc4 bxc4 23. Bc3 Ra7 24. Ra1 Rxa3 25. Qb2
Rb3 26. Qc1 Nf6 27. Nd2 Rb5 28. Rb1 Rb8 29. Rxb5 Qxb5 30. Qb1 Qxb1 31. Rxb1
Rxb1+ 32. Nxb1 Kg7 33. f3 Nd7 34. Kf2 f5 35. Ke3 Bg5+ 36. f4 Be7 37. Be1 Kf7
38. h4 Ke6 39. Nc3 Bb4 40. Kd2 Nf6 41. Ke2 Bxc3 42. Bxc3 Ne4 43. Bb4 Kd7 44.
Kd1 Kc6 45. Kc2 Kb5 46. Be1 Ka4 47. Kb2 c3+ 48. Bxc3 Nxc3 49. Kxc3 Ka3 50. Kc2
Kb4 51. Kd3 Kb3 52. g3 h5 0-1

[Event "Mechanics' Fall TNM; 30/90, SD/30"]
[Site "San Francisco"]
[Date "2014.12.09"]
[Round "7.45"]
[White "Frank, Robert"]
[Black "Bayaraa, Bilguun"]
[Result "1-0"]
[WhiteElo "1286"]
[BlackElo "639"]
[PlyCount "31"]
[EventDate "2014.??.??"]

1. d4 d5 2. Nf3 e6 3. e3 Nf6 4. Bd3 Bd6 5. Nbd2 O-O 6. e4 Nc6 7. e5 Be7 8. exf6
Bxf6 9. c3 Qd6 10. O-O e5 11. dxe5 Nxe5 12. Re1 Re8 13. Nxe5 Bxe5 14. Qc2 Qh6
15. Nf1 Bg4 16. Bxh6 1-0

[Event "Mechanics' Fall TNM; 30/90, SD/30"]
[Site "San Francisco"]
[Date "2014.11.04"]
[Round "3.43"]
[White "Frank, Robert"]
[Black "Casares, Nick"]
[Result "0-1"]
[WhiteElo "1286"]
[BlackElo "1600"]
[Annotator "Donaldson"]
[PlyCount "87"]
[EventDate "2014.??.??"]

1. d4 d5 2. Nf3 Bf5 3. e3 Nf6 4. c4 dxc4 5. Bxc4 c6 6. O-O e6 7. Nc3 Bd6 (7...
Be7) 8. Re1 Bc7 9. e4 Bg4 10. Be3 h6 11. h3 Bh5 12. e5 Nd5 13. Nxd5 cxd5 14.
Bb5+ Nd7 15. g4 Bg6 16. Qa4 a6 17. Bxd7+ Qxd7 18. Qxd7+ Kxd7 19. Re2 Rac8 20.
Nh4 Bd3 21. Rd2 Bh7 22. f4 Ba5 23. Rf2 Be4 24. f5 Bd8 25. fxe6+ Kxe6 26. Ng2 g5
27. Raf1 Rc7 28. Rd2 h5 29. Bf2 hxg4 30. hxg4 f6 31. Bg3 Rch7 32. Kf2 Ba5 33.
Rdd1 Rh3 34. exf6 Rxg3 35. Kxg3 Bc7+ 36. Kf2 Rh2 37. Rg1 Rh3 38. Ne1 Bh2 39.
Rf1 Bg3+ 40. Ke2 Rh2+ 41. Ke3 Bf4+ 42. Rxf4 gxf4+ 43. Kxf4 Kxf6 44. Rb1 $4 (44.
Nd3 Bxd3 45. Rxd3 Rxb2 46. g5+ Kg6 47. Re3 $11) 0-1

[Event "Mechanics' SummerTNM; 30/90, SD/30"]
[Site "San Francisco"]
[Date "2014.06.03"]
[Round "2.27"]
[White "Frank, Robert"]
[Black "Chandrasekaran, Siddarth"]
[Result "0-1"]
[WhiteElo "1341"]
[BlackElo "1597"]
[PlyCount "70"]
[EventDate "2014.??.??"]

1. d4 Nf6 2. Nf3 g6 3. g3 Bg7 4. Bg2 O-O 5. O-O d5 6. Bf4 Nc6 7. Nc3 a6 8. Re1
Nh5 9. Qd2 Nxf4 10. Qxf4 Nxd4 11. Nxd4 e5 12. Qc1 exd4 13. Nxd5 c6 14. Nf4 Qb6
15. a4 a5 16. e4 dxe3 17. Rxe3 Bxb2 18. Qb1 Bd4 19. Qxb6 Bxb6 20. Rb3 Ba7 21.
h4 Re8 22. Nd3 Re7 23. Rab1 Re2 24. Rc1 Bf5 25. Bf3 Bxd3 26. Bxe2 Bxe2 27. Rxb7
Bc5 28. Kg2 Re8 29. Rc7 Re6 30. Rc8+ Kg7 31. c4 Rf6 32. Ra8 Rxf2+ 33. Kh3 Bf1+
34. Kg4 h5+ 35. Kg5 Be3# 0-1